000
00332nam a2200133Ia 4500
008
151213s9999 xx 000 0 und d
100
_a
Mark Twain
245
_a
The Adventures of Tom Sawyer
_c
Mark Twain
260
_a
New Yeork
_b
Mc Graw Hill
_c
1989
300
_a
2047 p.
650
_a
English
700
_a
Mark Twain
999
_c
1502
_d
1502